| 000 | 00669nam a2200205Ia 4500 | ||
|---|---|---|---|
| 001 | 9661 | ||
| 003 | GE_BSU | ||
| 008 | 181216s||||||||xx |||||||||||||| ||und|| | ||
| 040 | _cGE_BSU | ||
| 080 | _a821.353.1–1 | ||
| 100 | _aმირცხულავა,ალიო | ||
| 245 | _aსამოცი ლექსი | ||
| 245 | _cრედ.ე.უბილავა.მხატვ.ნ.მალაზონია | ||
| 260 | _aთბილისი | ||
| 260 | _bნაკადული | ||
| 260 | _c1963 | ||
| 300 | _a76გვ.ფოტო პორტრ.გარეკანზე.6სმ. | ||
| 653 | _aსამოცი ლექსი | ||
| 942 | _cBK | ||
| 999 |
_c42945 _d42945 |
||